Introduction to polymer viscoelasticity
Αποθηκεύτηκε σε:
| Κύριος συγγραφέας: | |
|---|---|
| Άλλοι συγγραφείς: | |
| Μορφή: | Βιβλίο |
| Γλώσσα: | English |
| Δημοσίευση: |
Hoboken, N.J. :
Wiley-Interscience,
2005
|
| Έκδοση: | 3rd ed. |
| Θέματα: | |
| Ετικέτες: |
Προσθήκη ετικέτας
Δεν υπάρχουν, Καταχωρήστε ετικέτα πρώτοι!
|
MARC
| LEADER | 00000nam a2200000 i 4500 | ||
|---|---|---|---|
| 001 | 1/69584 | ||
| 008 | 080109s2005 eng d | ||
| 020 | |a 0-471-74045-4 | ||
| 035 | |l 10093453 | ||
| 040 | |a GR-MY-UA |b gre |e aacr | ||
| 041 | 0 | |a eng | |
| 082 | 0 | |a 620.192042 |2 (22) | |
| 100 | 1 | |a Shaw, Montgomery T. | |
| 245 | 1 | 0 | |a Introduction to polymer viscoelasticity / |c Montgomery T. Shaw and William J. MacKnight |
| 250 | |a 3rd ed. | ||
| 260 | |a Hoboken, N.J. : |b Wiley-Interscience, |c 2005 | ||
| 300 | |a xix, 316 σ.; |b εικ.; |c 26 εκ.+ |e 1 οπτικός δίσκος (4 3/4 ίν.) | ||
| 500 | |a Accompanying CD-ROM contains data filew and programs. Systems requirements for CD-ROM: Macintosh, or Unix. | ||
| 504 | |a Περιέχει βιβλιογραφικές παραπομπές και ευρετήρια. | ||
| 650 | 0 | 0 | |a Polymers. |
| 650 | 0 | 0 | |a Viscoelasticity. |
| 700 | 1 | |a MacKnight, William J. | |
| 852 | |a INST |b SAMOS |e 20080109 |h 620.192042 SHA |p 005300027525 |q 005300027525 |t BK |y 0 | ||
| 852 | |a INST |b SAMOS |e 20080109 |h 620.192042 SHA |p 005300027345 |q 005300027345 |t BK |y 0 | ||
| 901 | |a BIBL3-2008-1 | ||
| 909 | |a Σ |b 140362 | ||
| 909 | |a Σ |b 134352 | ||
| 922 | |a 3ΕΛΗ |b 200711 |c ΕΠΕΑΕΚ2/ΤΜΗΜΑ ΜΑΘΗΜΑΤΙΚΩΝ |d ΕΛΕΥΘΕΡΟΥΔΑΚΗΣ | ||
| 970 | |a ΣΙΤΖΙΜΗ |b ΓΙΑΣΕΜΗ |z 2008/01/09 | ||